Bananas and plantains / (Record no. 36621)
[ view plain ]
| 000 -LEADER | |
|---|---|
| fixed length control field | 01787nam a22003494a 4500 |
| 001 - CONTROL NUMBER | |
| control field | 36621 |
| 003 - CONTROL NUMBER IDENTIFIER | |
| rucl marc code | 0 |
| 005 - DATE AND TIME OF LATEST TRANSACTION | |
| control field | 20211209052518.0 |
| 008 - FIXED-LENGTH DATA ELEMENTS--GENERAL INFORMATION | |
| fixed length control field | 140804s2010 maua b 001 0 eng |
| 020 ## - INTERNATIONAL STANDARD BOOK NUMBER | |
| International Standard Book Number | 9781845936587 (pbk.) |
| 035 ## - SYSTEM CONTROL NUMBER | |
| System control number | (DNAL)1053882 |
| -- | (BD-RjUL)36722 |
| 040 ## - CATALOGING SOURCE | |
| Original cataloging agency | DNAL/DLC |
| Transcribing agency | DLC |
| Modifying agency | DLC |
| -- | BD-RjUL |
| Language of cataloging | eng |
| 041 ## - LANGUAGE CODE | |
| Language code of text/sound track or separate title | eng |
| 070 0# - NATIONAL AGRICULTURAL LIBRARY CALL NUMBER | |
| Classification number | SB379.B2 |
| Item number | R62 2010 |
| 082 00 - DEWEY DECIMAL CLASSIFICATION NUMBER | |
| Classification number | 634.772 |
| Edition number | 22 |
| Author mark and year | ROB 2010 |
| 100 1# - MAIN ENTRY--PERSONAL NAME | |
| Personal name | Robinson, J. C. |
| Fuller form of name | (John Charles), |
| Dates associated with a name | 1943- |
| 9 (RLIN) | 111632 |
| 245 10 - TITLE STATEMENT | |
| Title | Bananas and plantains / |
| Statement of responsibility, etc. | John C. Robinson and Víctor Galán Saúco. |
| 250 ## - EDITION STATEMENT | |
| Edition statement | 2nd ed. |
| 260 ## - PUBLICATION, DISTRIBUTION, ETC. (IMPRINT) | |
| Place of publication, distribution, etc. | Wallingford, Oxfordshire, UK ; |
| -- | Cambridge, MA : |
| Name of publisher, distributor, etc. | Du Roi Laboratory : |
| -- | Gobierno de Canarias, Instituto Canario de Investigaciones Agrarias : |
| -- | CABI, |
| Date of publication, distribution, etc. | c2010. |
| 300 ## - PHYSICAL DESCRIPTION | |
| Pagination | vii, 311 p. : |
| Illustrations | ill. ; |
| Size | 24 cm. |
| 490 1# - SERIES STATEMENT | |
| Series statement | Crop production science in horticulture series ; |
| Volume/sequential designation | 19 |
| 504 ## - BIBLIOGRAPHY, ETC. NOTE | |
| Bibliography, etc | Includes bibliographical references (p. 273-297) and index. |
| 505 0# - FORMATTED CONTENTS NOTE | |
| Formatted contents note | Distribution and importance -- Taxonomic classification, cultivars and breeding -- Morphological characteristics and plant development -- Climatic requirements and problems -- Phenological and physiological responses -- Site selection, soil requirements and soil preparation -- Establishing a plantation -- Systems of cultivating bananas and product certifications -- Nutritional requirements -- Water requirements and irrigation -- Horticultural management -- Diseases -- Pests -- Harvesting and fruit handling -- Ripening, biochemistry and uses. |
| 650 #0 - SUBJECT ADDED ENTRY--TOPICAL TERM | |
| Topical term or geographic name as entry element | Bananas. |
| 9 (RLIN) | 38926 |
| Topical term or geographic name as entry element | Plantago. |
| 9 (RLIN) | 111633 |
| 700 1# - ADDED ENTRY--PERSONAL NAME | |
| Personal name | Galán Saúco, Víctor. |
| 830 #0 - SERIES ADDED ENTRY--UNIFORM TITLE | |
| Volume number/sequential designation | 19. |
| 830 #0 - SERIES ADDED ENTRY--UNIFORM TITLE | |
| Uniform title | Crop production science in horticulture ; |
| 942 ## - ADDED ENTRY ELEMENTS (KOHA) | |
| Source of classification or shelving scheme | Dewey Decimal Classification |
| Koha item type | Books |
| Lost status | Source of classification or shelving scheme | Damaged status | Not for loan | Collection code | Permanent Location | Current Location | Shelving location | Date acquired | Source of acquisition | Cost, normal purchase price | Total Checkouts | Full call number | Date last seen | Copy number | Koha item type |
|---|---|---|---|---|---|---|---|---|---|---|---|---|---|---|---|
| Dewey Decimal Classification | Not For Loan | Non-fiction | Institute of Biological Sciences (IBSc) Library | Institute of Biological Sciences (IBSc) Library | 10/06/2012 | Karim International | 4680.00 | 634.772 ROB 2010 | 04/08/2014 | C-1 | Books |